Genshin VAs - Statistics

General Stats
  • This quiz has been taken 68 times
    8 since last reset
  • The average score is 81 of 100
Answer Stats
Hint Answer % Correct
Zach Aguilar Aether
100%
Khoi Dao Albedo
100%
Nazeeh Tarsha Alhaitham
100%
Max Mittleman Arataki Itto
100%
Erin Yvette Arlecchino
100%
Laura Stahl Barbara
100%
Shara Kirby Candace
100%
Alejandro Saab Cyno
100%
Sean Chiplock Diluc
100%
Anjali Kunapaneni Dori
100%
Paul Castro Jr. Freminet
100%
Amber Lee Connors Furina
100%
Jonny Loquasto Ifa
100%
Ben Balmaceda Kaveh
100%
Kayli Mills Keqing
100%
Poonam Basu Klee
100%
Kira Buckland Kuki Shinobu
100%
Sarah Miller-Crews Lumine
100%
Daman Mills Lyney
100%
Cassandra Lee Morris Mualani
100%
Brenna Larsen Navia
100%
Anne Yatco Raiden Shogun
100%
Zachary Gordon Tighnari
100%
Patrick Pedraza Wanderer
100%
Joe Zieja Wriothesley
100%
Jackie Lastra Xiangling
100%
Lizzie Freeman Yanfei
100%
Sean Durrie Baizhu
80%
Allegra Clark Beidou
80%
Cristina Vee Valenzuela Bennett
80%
Maya Aoki Tuttle Charlotte
80%
Brittany Lauda Chiori
80%
Beau Bridgeland Chongyun
80%
Skyler Davenport Citlali
80%
Crystal Lee Clorinde
80%
Christina Costelo Collei
80%
Amber May Dehya
80%
Amber Aviles Emilie
80%
Chandni Parekh Faruzan
80%
Brittany Cox Fischl
80%
Caleb Yen Gaming
80%
Jennifer Losi Ganyu
80%
Brianna Knickerbocker Hu Tao
80%
Katrina Salisbury Iansan
80%
Stephanie Southerland Jean
80%
Kristen McGuire Kachina
80%
Josey Montana McCoy Kaeya
80%
John Patneaude Kinich
80%
Julia Gu Kirara
80%
Jeannie Tirado Kujou Sara
80%
Anna Devlin Lan Yan
80%
Ashley Biski Layla
80%
Mara Junot Lisa
80%
Anairis Quiñones Lynette
80%
Katiana Sarkissian Mavuika
80%
Kimberly Ann Campbell Nahida
80%
Ray Chase Neuvillette
80%
Dani Chambers Nilou
80%
Erin Ebers Ningguang
80%
Nathan Nokes Ororon
80%
Christie Cate Qiqi
80%
Todd Haberkorn Razor
80%
Zeno Robinson Sethos
80%
Chelsea Kwoka Shenhe
80%
Kieran Regan Shikanoin Heizou
80%
Sarah Williams Sigewinne
80%
Griffin Burns Tartaglia
80%
Jane Jackson Varesa
80%
Erika Harlacher Venti
80%
Beth Curry Xilonen
80%
Laura Stahl Xinyan
80%
Ratana Yae Miko
80%
Kelsey Jaffer Yao Yao
80%
Laura Post Yelan
80%
Jenny Yokobori Yoimiya
80%
Judy Alice Lee Yun Jin
80%
Keith Silverstein Zhongli
80%
Giselle Fernandez Aloy
60%
Kelly Baskin Amber
60%
Lauren Amante Chasca
60%
Erica Lindbeck Chevreuse
60%
Dina Sherman Diona
60%
Emily Cass Escoffier
60%
Suzie Yeung Eula
60%
Cory Yee Gorou
60%
Mark Whitten Kaedehara Kazuha
60%
Erica Mendez Kamisato Ayaka
60%
Chris Hackney Kamisato Ayato
60%
Robb Moreira Mika
60%
Laura Faye Smith Noelle
60%
Elizabeth Maxwell Rosaria
60%
Risa Mei Sangonomiya Kokomi
60%
Lilypichu/Lily KI Sayu
60%
Valeria Rodriguez Sucrose
60%
Christian Banas Thoma
60%
Stephanie Panisello Xianyun
60%
Laila Berzins Xiao
60%
Cristina Vee Valenzuela Xingqiu
60%
Naomi McDonald Yumemizuki Mizuki
60%
Felecia Angelle Mona
40%
No matching quizzes found
Score Distribution
Percent of People with Each Score
Percentile by Number Answered
Your Score History
You have not taken this quiz since the last reset